[Event "POL-ch Rapid U18 Girls"]
[Site "Bydgoszcz"]
[Date "2023.08.29"]
[Round "6"]
[White "Izafatava, Kira"]
[Black "Kolosza, Zuzanna"]
[Result "1-0"]
[WhiteElo "1452"]
[BlackElo "1075"]
[PlyCount "59"]
[EventDate "2023.08.28"]
[EventType "swiss"]
[EventRounds "11"]
[EventCountry "POL"]
[SourceTitle "EXT 2024"]
[Source "ChessBase"]
[SourceDate "2023.10.10"]
[SourceVersion "1"]
[SourceVersionDate "2023.10.10"]
[SourceQuality "1"]

1. e4 c5 2. Nf3 e6 3. d4 cxd4 4. Nxd4 Nc6 5. Nc3 Qc7 6. Nxc6 bxc6 7. Bd2 Nf6 8. Bd3 Be7 9. 0-0 d5 10. exd5 cxd5 11. Nb5 Qb7 12. Bf4 0-0 13. b3 Bd7 14. Nc7 Rad8 15. a4 Bc6 16. Nb5 a6 17. Nd4 Bd6 18. Nxc6 Qxc6 19. Bg5 Be5 20. Rb1 h6 21. Bh4 Qd6 22. f4 Bxf4 23. Bxf6 Bxh2+ 24. Kh1 gxf6 25. Qg4+ Kh8 26. Rxf6 Bf4 27. Qh5 Kg7 28. Rg6+ fxg6 29. Qxg6+ Kh8 30. Qh7# 1-0